English Words to Know: E - Statistics

General Stats
  • This quiz has been taken 71 times
  • The average score is 36 of 163
Answer Stats
Answer % Correct
ear
93%
eat
93%
ever
89%
east
82%
end
71%
even
71%
eye
68%
every
64%
each
61%
earn
61%
enter
57%
easy
54%
everyone
54%
earth
50%
egg
50%
era
50%
ease
46%
elect
46%
event
46%
effect
43%
entrance
43%
equal
43%
early
39%
effort
39%
election
39%
error
39%
evening
39%
everybody
39%
everything
39%
extra
39%
everywhere
36%
example
36%
else
32%
eventually
32%
evolve
32%
exact
32%
exist
32%
expect
32%
explain
32%
eastern
29%
edge
29%
either
29%
empty
29%
energy
29%
expert
29%
eager
25%
educate
25%
effective
25%
efficient
25%
electric
25%
engine
25%
entertainment
25%
entry
25%
estimate
25%
examine
25%
explanation
25%
editor
21%
eight
21%
element
21%
engineer
21%
enjoy
21%
examination
21%
exercise
21%
expectation
21%
express
21%
expression
21%
extreme
21%
easily
18%
electricity
18%
elementary
18%
emerge
18%
emergency
18%
enough
18%
ethics
18%
evolution
18%
exactly
18%
excellent
18%
existence
18%
experience
18%
explode
18%
explore
18%
expose
18%
extend
18%
extent
18%
external
18%
economy
14%
education
14%
efficiency
14%
elite
14%
e-mail
14%
emotion
14%
enemy
14%
engage
14%
environment
14%
escape
14%
essential
14%
everyday
14%
executive
14%
extraordinary
14%
economic
11%
edition
11%
eliminate
11%
elsewhere
11%
emission
11%
enable
11%
engineering
11%
enormous
11%
equally
11%
especially
11%
essay
11%
except
11%
exciting
11%
expand
11%
expansion
11%
expense
11%
expensive
11%
experiment
11%
exposure
11%
extension
11%
earnings
7%
effectively
7%
elderly
7%
embrace
7%
emotional
7%
employ
7%
employment
7%
encounter
7%
enhance
7%
entire
7%
entirely
7%
environmental
7%
episode
7%
equipment
7%
essentially
7%
establish
7%
evidence
7%
exceed
7%
exception
7%
exhibit
7%
existing
7%
explosion
7%
extremely
7%
economics
4%
electronic
4%
employee
4%
employer
4%
encourage
4%
enforcement
4%
ensure
4%
establishment
4%
estate
4%
ethnic
4%
evaluate
4%
evaluation
4%
exhibition
4%
extensive
4%
economist
0%
educational
0%
educator
0%
emphasis
0%
emphasize
0%
enterprise
0%
exchange
0%
No matching quizzes found
Score Distribution
Percent of People with Each Score
Percentile by Number Answered
Your Score History
You have not taken this quiz